| 000 | 00564nam a22001937a 4500 | ||
|---|---|---|---|
| 999 |
_c180211 _d180211 |
||
| 005 | 20210729172135.0 | ||
| 010 | _aENG-129646 | ||
| 020 |
_c195.00 _a978-93-86725-49-3 |
||
| 035 | _aEN-113178 | ||
| 037 | _bDBAD/PUB | ||
| 082 | _a480 | ||
| 100 | _aDinakar, P. | ||
| 245 |
_aCommunicative english/ _cby P. dinakar |
||
| 260 |
_aHyderabad _bNeelkamal Publications _c2018 |
||
| 270 |
_aSultan bazar _bHyderabad _e500095 _mNEELKAMALBOOKS@GMAIL.COM |
||
| 300 |
_a193 pages; _c22cm(pbk) |
||
| 700 | _aC.MURALIKRISHNA | ||
| 942 |
_2ddc _cEN _h480 _mDIN |
||